Catálogo de peces que habitan las aguas costeras y dulceacuícolas en la provincia de Concepción
Сохранить в:
| Главные авторы: | , |
|---|---|
| Формат: | |
| Язык: | испанский |
| Опубликовано: |
Talcahuano
Universidad Católica de Chile
1982
|
| Предметы: | |
| Метки: |
Добавить метку
Нет меток, Требуется 1-ая метка записи!
|
MARC
| LEADER | 00000nam a2200000 a 4500 | ||
|---|---|---|---|
| 001 | UCV4995 | ||
| 003 | CL-VaPUC | ||
| 008 | 920324e19820000CL |||||||||||||||||spa|d | ||
| 082 | 0 | 4 | |a 597.092 |b LEI |2 21 |
| 100 | 0 | |a Leible Díaz, Mario |e author |9 299203 | |
| 700 | 0 | |a Alveal R., Emilio |e author |9 299204 | |
| 245 | 1 | 0 | |a Catálogo de peces que habitan las aguas costeras y dulceacuícolas en la provincia de Concepción |
| 300 | |a 104 p | ||
| 942 | |c BK | ||
| 945 | |d 19920324 00:00:00 | ||
| 260 | |a Talcahuano |b Universidad Católica de Chile |c 1982 | ||
| 650 | 7 | |a PECES IDENTIFICACION |2 CL-VaPUC |9 261269 | |
| 651 | 0 | |a Concepción |9 254982 | |
| 651 | 7 | |a CHILE |2 CL-VaPUC |9 299205 | |
| 583 | |a last modification |c 19920324 00:00:00 |k Rodrigo Vera | ||
| 999 | |c 211606 |d 211604 | ||